| 000 | 00946nam a22002297a 4500 | ||
|---|---|---|---|
| 999 |
_c20679 _d20679 |
||
| 003 | AR-CdUCM | ||
| 008 | 190603b ||||| |||| 00| 0 spa d | ||
| 040 |
_aMUNICIPALIDAD PROVINCIAL DEL CUSCO _cBIBLIOTECA MUNICIPAL DEL CUSCO |
||
| 082 |
_a909 / _bG64 |
||
| 100 |
_aGoetz, Walter Wilhelm _943229 |
||
| 245 |
_aHistoria Universal : _bLa época del absolutismo (1660-1789) / |
||
| 260 |
_aMadrid : _bEspasa-Calpe, _c1959. |
||
| 300 |
_a668 páginas ; _b[24] paginas de láminas - mapas, _c26 cm. |
||
| 505 | _aContenido: Absolutismo e ilustración por Walter Goetz -- La época de Luis XIV por Walter Platzhoff -- El siglo XVIII en Europa por Franz Schnabel -- La ilustración europa / Oscar Walzel... | ||
| 650 |
_aColonización _93620 |
||
| 650 |
_aEuropa _91221 |
||
| 650 |
_a1648-1789 _943230 |
||
| 650 |
_aHistoria _943980 |
||
| 700 |
_a(Versión española) García Morente, Manuel _943231 |
||
| 942 |
_2ddc _cLIBROS |
||
| 945 | _aJavier | ||